000 00643nam a2200241Ia 4500
003 OSt
005 20221007102001.0
006 a|||||r|||| 00| 0
007 ta
008 221006b |||||||| |||| 00| 0 eng d
024 _a9,072
037 _cTextual
040 _aLCO
_cLCO
_beng
041 _2eng
_aeng
082 _aZ3,75,15y7, L3
100 _aMUGHAL A K
_9688691
245 0 _aCases & the Statutes on Criminal Procedure.
260 _aLondon
_bButterworths
_c1973
300 _a371
650 _aCRIMINAL PROCEDURE
_9681582
942 _hZ3,75,15y7, L3
_cTEXL
999 _c1178635
_d1178635